Did They Play at Woodstock? -- Sudden Death - Statistics

General Stats
  • This quiz has been taken 94 times
  • The average score is 5 of 15
Answers on the Grid
Answers color-coded by a green-red scale on the quiz's grid according to % correct below.
Joan Baez
The Band
The Beatles
The Byrds
Canned Heat
Country Joe and the Fish
Cream
Creedence Clearwater Revival
Crosby, Stills, Nash & Young
Deep Purple
Bob Dylan
Grateful Dead
Arlo Guthrie
Jimi Hendrix
Jefferson Airplane
Janis Joplin
Led Zeppelin
The Mamas & the Papas
Joni Mitchell
The Monkees
The Mothers of Invention
Pink Floyd
Santana
Simon & Garfunkel
Sly and the Family Stone
Steppenwolf
The Who
Johnny Winter
 
Answer Stats
Answer % Correct
Joan Baez
63%
Jimi Hendrix
60%
Crosby, Stills, Nash & Young
54%
Janis Joplin
40%
Country Joe and the Fish
38%
Canned Heat
35%
Creedence Clearwater Revival
35%
The Band
35%
Grateful Dead
31%
Jefferson Airplane
31%
Sly and the Family Stone
25%
Arlo Guthrie
23%
Santana
23%
The Who
15%
Johnny Winter
8%
No matching quizzes found
Score Distribution
Percent of People with Each Score
Percentile by Number Answered
Your Score History
You have not taken this quiz